Normal view
MARC view
- تكنولوجيا المعلومات-الادارة -الاردن
Entry Topical Term
001 - CONTROL NUMBER
- control field: 63560
003 - CONTROL NUMBER IDENTIFIER
- control field: JO-AjAnu
005 - DATE AND TIME OF LATEST TRANSACTION
- control field: 20230606084356.0
008 - FIXED-LENGTH DATA ELEMENTS
- fixed length control field: 230606|| aca||aabn | a|a d
040 ## - CATALOGING SOURCE
- Original cataloging agency: JO-AjAnu
- Transcribing agency: JO-AjAnu
150 ## - HEADING--TOPICAL TERM
- Topical term or geographic name entry element: تكنولوجيا المعلومات-الادارة -الاردن
670 ## - SOURCE DATA FOUND
- Source citation: Work cat.: (JO-AjAnu)32406: اعداد المومني، أحمد لطفي عليان؛ اشراف نضال فواز القضاة, author 63559, أثر تطبيق نظام المراسلات الحكومي الالكتروني (تراسل) على جودة خدمات وزراة الاوقاف والشؤون والمقدسات الاسلامية الاردنية=The Impact of Applying Government Electronic Messaging System (Tarasol) on Services Quality at Jordanian Ministry of Awqaf and Islamic Affairs